Marine electrical equipment and practice / (Record no. 1760)

000 -LEADER
fixed length control field 00496nam a22001817a 4500
008 - FIXED-LENGTH DATA ELEMENTS--GENERAL INFORMATION
fixed length control field 200203b ||||| |||| 00| 0 eng d
020 ## - INTERNATIONAL STANDARD BOOK NUMBER
International Standard Book Number 0750616474
041 0# - LANGUAGE CODE
Language code of text/sound track or separate title eng
082 00 - DEWEY DECIMAL CLASSIFICATION NUMBER
Classification number 623.8503
Item number M1454
100 ## - MAIN ENTRY--PERSONAL NAME
9 (RLIN) 1279
Personal name McGeorge, H. D.
245 10 - TITLE STATEMENT
Title Marine electrical equipment and practice /
250 ## - EDITION STATEMENT
Edition statement 2nd ed.
260 ## - PUBLICATION, DISTRIBUTION, ETC. (IMPRINT)
Place of publication, distribution, etc New Delhi:
Name of publisher, distributor, etc Newness,
Date of publication, distribution, etc 1993.
300 ## - PHYSICAL DESCRIPTION
Extent 158 p.
490 0# - SERIES STATEMENT
Series statement (Marine engineering series)
650 #0 - SUBJECT ADDED ENTRY--TOPICAL TERM
Topical term or geographic name as entry element Ships--Electric equipment
942 ## - ADDED ENTRY ELEMENTS (KOHA)
Item type Books
Holdings
Withdrawn status Lost status Source of classification or shelving scheme Damaged status Not for loan Permanent location Current location Date acquired Full call number Barcode Date last seen Cost, replacement price Koha item type Source of acquisition Total Checkouts Date last borrowed
          IMU Kolkata IMU Kolkata 1998-12-01 623.8503 M1454 09000 2020-02-03 2167.55 Books      
          IMU Kolkata IMU Kolkata 1998-12-01 623.8503 M1454 09001 2020-02-03 2167.55 Books      
          IMU Kolkata IMU Kolkata 2000-05-04 623.8503 M1454 09055 2020-02-05 991.59 Books Sterling Book House    
          IMU Kolkata IMU Kolkata 2000-07-12 623.8503 M1454 09111 2020-02-06 1080.78 Books Shankars Book Agency    
          IMU Kolkata IMU Kolkata 2000-07-12 623.8503 M1454 09112 2020-02-06 1080.78 Books Shankars Book Agency    
          IMU Kolkata IMU Kolkata 2002-09-10 623.8503 M1454 09576 2024-12-13 1051.98 Books Sterling Book House 1 2024-12-02
          IMU Kolkata IMU Kolkata 2021-01-15 623.8503 M1454 08464 2021-01-15   Books      
          IMU Kolkata IMU Kolkata 2023-09-02 623.8503 M1454 G01254 2023-09-27   Books Donated by Sharad Gupta (Roll No.4271)    
Designed and Maintained by IMU-KC Library, Kolkata Campus © Copyright All Rights Reserved

webs counters

Powered by Koha